000 00680nam a2200181 i 4500
001 83990
003 ES-MaACL
005 20260201162639.0
007 t|
008 041119s1955 sp ||||1| spa d
100 1 _aJaspers, Karl.
_966154
245 1 0 _aGenio y locura
_b: ensayo de análisis patográfico comparativo sobre Strindberg, Van Gogh, Swedenborg, Hölderlin /
_cKarl Jaspers ; traducción del alemán y prólogo por Agustín Caballero Robredo.
260 _aMadrid :
_bAguilar,
_c1952 (
_fJusto López Galán)
300 _a305 p. ;
_c21 cm.
700 0 _aCaballero Robredo, Agustín
_933117
852 _aES-MaACL
_jC-9985
_bR.37755
999 _c83990
_d83990